<?xml version="1.0" encoding="UTF-8"?>
<record
    xmlns:xsi="http://www.w3.org/2001/XMLSchema-instance"
    xsi:schemaLocation="http://www.loc.gov/MARC21/slim http://www.loc.gov/standards/marcxml/schema/MARC21slim.xsd"
    xmlns="http://www.loc.gov/MARC21/slim">

  <leader>02781nam a2200349 a 4500</leader>
  <controlfield tag="001">ebr10460647</controlfield>
  <controlfield tag="003">CaPaEBR</controlfield>
  <controlfield tag="006">m        u        </controlfield>
  <controlfield tag="007">cr cn|||||||||</controlfield>
  <controlfield tag="008">101119s2011    vtuad   sb    001 0 eng d</controlfield>
  <datafield tag="010" ind1=" " ind2=" ">
    <subfield code="z">  2010047887</subfield>
  </datafield>
  <datafield tag="020" ind1=" " ind2=" ">
    <subfield code="z">9781409405313 (hardback : alk. paper)</subfield>
  </datafield>
  <datafield tag="020" ind1=" " ind2=" ">
    <subfield code="z">9781409405320 (e-book)</subfield>
  </datafield>
  <datafield tag="040" ind1=" " ind2=" ">
    <subfield code="a">CaPaEBR</subfield>
    <subfield code="c">CaPaEBR</subfield>
  </datafield>
  <datafield tag="035" ind1=" " ind2=" ">
    <subfield code="a">(OCoLC)726826724</subfield>
  </datafield>
  <datafield tag="050" ind1="1" ind2="4">
    <subfield code="a">K639</subfield>
    <subfield code="b">.H86 2011eb</subfield>
  </datafield>
  <datafield tag="082" ind1="0" ind2="4">
    <subfield code="a">323.3/52</subfield>
    <subfield code="2">22</subfield>
  </datafield>
  <datafield tag="245" ind1="0" ind2="4">
    <subfield code="a">The human rights of children</subfield>
    <subfield code="h">[electronic resource] :</subfield>
    <subfield code="b">from visions to implementation /</subfield>
    <subfield code="c">edited by Antonella Invernizzi, Jane Williams.</subfield>
  </datafield>
  <datafield tag="260" ind1=" " ind2=" ">
    <subfield code="a">Burlington, Vt. :</subfield>
    <subfield code="b">Ashgate Pub,</subfield>
    <subfield code="c">2011.</subfield>
  </datafield>
  <datafield tag="300" ind1=" " ind2=" ">
    <subfield code="a">xvi, 354 p. :</subfield>
    <subfield code="b">ill.</subfield>
  </datafield>
  <datafield tag="504" ind1=" " ind2=" ">
    <subfield code="a">Includes bibliographical references and index.</subfield>
  </datafield>
  <datafield tag="505" ind1="0" ind2=" ">
    <subfield code="a">The value and values of children's rights / Michael Freeman -- Are children's rights still human? / Nigel Cantwell -- Understanding a human rights based approach to matters involving children : conceptual foundations and strategic considerations / John Tobin -- The CRC : dynamics and directions of monitoring and implementation / Jaap Doek -- Acknowledging children as international citizens : a child-sensitive communication mechanism for the convention on the rights of the child / Geraldine Van Bueren -- Has research improved the human rights of children or have the information needs of the CRC improved data about children? / Judith Ennew -- How are the human rights of children related to research methodology? / Harriot Beazley ... [et al.] -- Using the CRC in law and policy : two ways to improve / Ursula Kilkelly -- Using the CRC to inform EU law and policy-making / Helen Stalford and Eleanor Drywood -- The roles of independent human rights institutions in implementing the CRC / Brian Gran -- Multi-level governance and CRC implementation / Jane Williams -- Human rights and poverty in the UK : time for change / Rhian Croke and Anne Crowley -- An exploration of the discrimination-rights dynamic in relation to children / Elspeth Webb -- Child health equity : from theory to reality / Jeffrey Goldhagen and Ra&#xFFFD;ul Mercer -- Our rights, our story : Funky Dragon's report / Funky Dragon.</subfield>
  </datafield>
  <datafield tag="533" ind1=" " ind2=" ">
    <subfield code="a">Electronic reproduction.</subfield>
    <subfield code="b">Palo Alto, Calif. :</subfield>
    <subfield code="c">ebrary,</subfield>
    <subfield code="d">2011.</subfield>
    <subfield code="n">Available via World Wide Web.</subfield>
    <subfield code="n">Access may be limited to ebrary affiliated libraries.</subfield>
  </datafield>
  <datafield tag="630" ind1="0" ind2="0">
    <subfield code="a">Convention on the Rights of the Child</subfield>
    <subfield code="d">(1989)</subfield>
  </datafield>
  <datafield tag="650" ind1=" " ind2="0">
    <subfield code="a">Children's rights.</subfield>
  </datafield>
  <datafield tag="650" ind1=" " ind2="0">
    <subfield code="a">Children</subfield>
    <subfield code="x">Legal status, laws, etc.</subfield>
  </datafield>
  <datafield tag="655" ind1=" " ind2="7">
    <subfield code="a">Electronic books.</subfield>
    <subfield code="2">local</subfield>
  </datafield>
  <datafield tag="700" ind1="1" ind2=" ">
    <subfield code="a">Invernizzi, Antonella.</subfield>
  </datafield>
  <datafield tag="700" ind1="1" ind2=" ">
    <subfield code="a">Williams, Jane M.</subfield>
  </datafield>
  <datafield tag="710" ind1="2" ind2=" ">
    <subfield code="a">ebrary, Inc.</subfield>
  </datafield>
  <datafield tag="856" ind1="4" ind2="0">
    <subfield code="u">http://site.ebrary.com/lib/rucke/Doc?id=10460647</subfield>
    <subfield code="z">An electronic book accessible through the World Wide Web; click to view</subfield>
  </datafield>
  <datafield tag="999" ind1=" " ind2=" ">
    <subfield code="c">125720</subfield>
    <subfield code="d">125720</subfield>
  </datafield>
</record>
